Dictionnaire de Mythologie
Guardado en:
| Autor principal: | |
|---|---|
| Formato: | Libro |
| Lenguaje: | Undetermined |
| Publicado: |
Paris
Libririe Vuibert
1947
|
| Materias: | |
| Etiquetas: |
Agregar Etiqueta
Sin Etiquetas, Sea el primero en etiquetar este registro!
|
| Thư viện lưu trữ: | Trung tâm Học liệu Trường Đại học Cần Thơ |
|---|
| LEADER | 00522nam a2200193Ia 4500 | ||
|---|---|---|---|
| 001 | CTU_104679 | ||
| 008 | 210402s9999 xx 000 0 und d | ||
| 082 | |a 291.13 | ||
| 082 | |b A889 | ||
| 100 | |a Aubert, H. | ||
| 245 | 0 | |a Dictionnaire de Mythologie | |
| 245 | 0 | |c H. Aubert | |
| 260 | |a Paris | ||
| 260 | |b Libririe Vuibert | ||
| 260 | |c 1947 | ||
| 650 | |a Mythology,Thần học | ||
| 650 | |x Encyclopedias,Bách khoa toàn thư | ||
| 904 | |i Nguyên | ||
| 980 | |a Trung tâm Học liệu Trường Đại học Cần Thơ | ||